书目信息 |
| 题名: |
学校是美的
|
|
| 作者: | 柳袁照 著 | |
| 分册: | ||
| 出版信息: | 上海 华东师范大学出版社 2016 |
|
| 页数: | 236页 | |
| 开本: | 23cm | |
| 丛书名: | 大夏书系·教育随笔 | |
| 单 册: | ||
| 中图分类: | G4-53 | |
| 科图分类: | ||
| 主题词: | 教育--jiao yu--文集 | |
| 电子资源: | ||
| ISBN: | 978-7-5675-4823-7 | |
| 000 | 00881nam0 22002531 450 | |
| 001 | 0119171253 | |
| 005 | 20170619171253.0 | |
| 010 | @a978-7-5675-4823-7@dCNY39.80 | |
| 100 | @a20160612d2016 em y0chiy50 ea | |
| 101 | 0 | @achi |
| 102 | @aCN@b310000 | |
| 105 | @aa z 000yy | |
| 106 | @ar | |
| 200 | 1 | @a学校是美的@9xue jiao shi mei de@f柳袁照著 |
| 210 | @a上海@c华东师范大学出版社@d2016 | |
| 215 | @a236页@c图,照片@d23cm | |
| 225 | 2 | @a大夏书系·教育随笔@9da xia shu xi jiao yu sui bi |
| 330 | @a本书分为本是草木青、彼方的诗意、日常悟教育、西花园情怀4个栏目,收录《我的母亲》《我的父亲》《顾老板》《毛家市》《又到杨林河》《曾经的曾赵园》《最初的遥远》等文章。 | |
| 461 | 0 | @12001 @a大夏书系·教育随笔 |
| 606 | 0 | @a教育@9jiao yu@j文集 |
| 690 | @aG4-53@v5 | |
| 701 | 0 | @a柳袁照@9liu yuan zhao@4著 |
| 801 | 0 | @aCN@b百万庄@c20170616 |
| 905 | @b1012041-6@dG4-53@e196@f6 | |
| 学校是美的/柳袁照著.-上海:华东师范大学出版社,2016 |
| 236页:图,照片;23cm.-(大夏书系·教育随笔) |
| ISBN 978-7-5675-4823-7:CNY39.80 |
| 本书分为本是草木青、彼方的诗意、日常悟教育、西花园情怀4个栏目,收录《我的母亲》《我的父亲》《顾老板》《毛家市》《又到杨林河》《曾经的曾赵园》《最初的遥远》等文章。 |
| ● |
| 相关链接 |
|
|
|
|
正题名:学校是美的
索取号:G4-53/196
 
预约/预借
| 序号 | 登录号 | 条形码 | 馆藏地/架位号 | 状态 | 备注 |
| 1 | 1012041 | 210120411 | 第一样本阅览室/ [索取号:G4-53/196] | 在馆 | |
| 2 | 1012042 | 210120420 | 教育系资料室/ [索取号:G4-53/196] | 在馆 | |
| 3 | 1012043 | 210120439 | 教育系资料室/ [索取号:G4-53/196] | 在馆 | |
| 4 | 1012044 | 210120448 | 教育系资料室/ [索取号:G4-53/196] | 在馆 | |
| 5 | 1012045 | 210120457 | 第四借阅区/ [索取号:G4-53/196] | 在馆 | |
| 6 | 1012046 | 210120466 | 第四借阅区/ [索取号:G4-53/196] | 在馆 |